| 000 | 00562nam a2200217 a 4500 | ||
|---|---|---|---|
| 999 |
_c6137 _d6137 |
||
| 001 | 6137 | ||
| 003 | BD-JhCC | ||
| 005 | 20180201183652.0 | ||
| 008 | 180114s1964 P a|||| | || 000 0 eng d | ||
| 035 | _a(BD-JhCC)6137 | ||
| 040 |
_aBD-JhCC _dBD-JhCC |
||
| 041 | _aeng | ||
| 082 |
_a500 _bWAT 1964 |
||
| 100 | _aWatts, N. A. | ||
| 245 |
_aHelp Yourself to Science / _c N. A. Watts, |
||
| 260 |
_aKarachi : _bAllies Book Corporation, _c1964. |
||
| 300 |
_a46 p. : _bill. ; _c23 cm. |
||
| 650 |
_aScience _xStudy and Teaching |
||
| 942 |
_2ddc _cBK |
||